000 00389nam a2200133Ia 4500
008 100328s9999 xx 000 0 und d
082 _b6978
100 _aवरेरकर भार्गवराम विठ्ठल
245 _aउडती पाखरे
260 _b---
630 _aउडती पाखरे
730 _aउडती पाखरे
942 _cBOOK
999 _c502835
_d502832